Managirial Skills (Record no. 4952)

MARC details
000 -LEADER
fixed length control field 00400nam a22001697a 4500
005 - DATE AND TIME OF LATEST TRANSACTION
control field 20220822124326.0
008 - FIXED-LENGTH DATA ELEMENTS--GENERAL INFORMATION
fixed length control field 160630b xxu||||| |||| 00| 0 eng d
020 ## - INTERNATIONAL STANDARD BOOK NUMBER
ISBN 81-219-9369-7
041 ## - LANGUAGE CODE
Language code of text/sound track or separate title eng
082 ## - DEWEY DECIMAL CLASSIFICATION NUMBER
Item number 19919
100 ## - MAIN ENTRY--AUTHOR NAME
Personal name Alex Dr K
245 ## - TITLE STATEMENT
Title Managirial Skills
260 ## - PUBLICATION, DISTRIBUTION, ETC. (IMPRINT)
Place of publication New Delhi
Name of publisher Sultan Chand & Sons,
Year of publication 2013
300 ## - PHYSICAL DESCRIPTION
Number of Pages 181
650 ## - SUBJECT ADDED ENTRY--TOPICAL TERM
Topical Term management
942 ## - ADDED ENTRY ELEMENTS (KOHA)
Koha item type Books
Holdings
Lost status Damaged status Collection code Home library Current library Shelving location Date acquired Cost, normal purchase price Full call number Accession Number Koha item type
    LIFE SKILL JRU Library JRU Library SHELF-102-F 30/06/2016 350.00 19919 19919 Books
    LIFE SKILL JRU Library JRU Library SHELF-102-F 30/06/2016 350.00 19919 19920 Books
      JRU Library     30/06/2016 350.00 19919 19921 Books
    LIFE SKILL JRU Library JRU Library SHELF-102-F 30/06/2016 350.00 19919 19922 Books
      JRU Library   SHELF-52-C 30/06/2016 350.00 19919 19923 Books